100 Historias de España, 1.

Gespeichert in:
Bibliographische Detailangaben
1. Verfasser: Marrero, JA. Autor
Format: keine Angabe
Sprache:Spanisch
Erschienen: Madrid S.M. 1975
Katalog:MANES:  Suchergebnis im Bibliothekskatalog
Schulbuchspezifische Eigenschaften:
Tags: Tag hinzufügen
Keine Tags, Fügen Sie den ersten Tag hinzu!
Hinzugefügt zu:26.04.2016
Geändert in:07.05.2025

MARC

LEADER 000000000a22000000004500
001 06699
003 OSt
005 20250507133304.0
008 160427s sp ||||| |||| 00| 0 spa d
040 |c centro_manes 
041 1 |a spa 
561 |5 es-CICE  |a España. Centro Internacional de la Cultura Escolar  |k MANES 
691 0 |a PRI 
100 1 |a Marrero, JA. Autor  |9 2705 
245 0 0 |a 100 Historias de España, 1. 
260 3 |a Madrid  |b S.M.  |c 1975 
300 |a 187 p.  |c 22,5 x 19,5 cm 
500 |a Editado en Cartoné. 
690 0 |a HI 
942 |2 ddc  |c BK 
546 |a España 
999 |c 12673  |d 12673 
999 |c manes:12673  |d 12673